| 000 | 00558cam a22001697a 4500 | ||
|---|---|---|---|
| 008 | 180718b1977 xxu||||| |||| 00| 0 eng d | ||
| 082 | _aAPPPA 76-77 VEN | ||
| 100 | _aVenkatarmani, K.M. | ||
| 245 |
_aImpact of governmental plans relating to education and health on the muduga tribe of attappady, Kerala state _cby K.S. Venkatarmani |
||
| 260 |
_aNew Delhi _bIndian Institute of Public Administration _c1977 |
||
| 300 | _a35p. | ||
| 650 | _aAttappady | ||
| 650 | _aMuduga tribe | ||
| 650 | _aHealth | ||
| 650 | _aEducation | ||
| 650 | _aGovernmental plans | ||
| 999 |
_c501164 _d501164 |
||